| 000 | 00587nam a2200145 a 4500 | ||
|---|---|---|---|
| 001 | 000030001 | ||
| 005 | 20200930055955.0 | ||
| 008 | 110428s1978 dr ab 000 0 spa d | ||
| 040 |
_aDO-SdBNP _bspa _cBNPHU |
||
| 082 |
_axxxx _bM297 |
||
| 245 | 0 | 0 |
_aMapas de la Isla Española o Santo Domingo "Primicia Mundial" : _btres series de reproducciones litográficas de los primeros mapas del nuevo mundo y los primeros de la Isla Española o Santo Domingo. |
| 260 |
_aSanto Domingo : _bFundación Dominicana de Desarrollo, _c1978. |
||
| 300 |
_a8 p. : _bil., mapa ; _c26 cm. |
||
| 910 | _aEn proceso | ||
| 999 |
_c29493 _d29493 |
||